Great games, local rules : (Record no. 17971)
[ view plain ]
| 000 -LEADER | |
|---|---|
| fixed length control field | 01233pam a2200325 a 4500 |
| 001 - CONTROL NUMBER | |
| control field | 016117163 |
| 003 - CONTROL NUMBER IDENTIFIER | |
| control field | OSt |
| 005 - DATE AND TIME OF LATEST TRANSACTION | |
| control field | 20140127144858.0 |
| 008 - FIXED-LENGTH DATA ELEMENTS--GENERAL INFORMATION | |
| fixed length control field | 120702t2012 xxkabd frb f001 0 eng d |
| 020 ## - INTERNATIONAL STANDARD BOOK NUMBER | |
| International Standard Book Number | 9780199929825 (hbk.) |
| 020 ## - INTERNATIONAL STANDARD BOOK NUMBER | |
| International Standard Book Number | 0199929823 (hbk.) |
| 040 ## - CATALOGING SOURCE | |
| Original cataloging agency | StDuBDS |
| Language of cataloging | eng |
| Transcribing agency | StDuBDS |
| Modifying agency | StEdNL |
| -- | Uk |
| 043 ## - GEOGRAPHIC AREA CODE | |
| Geographic area code | ac----- |
| -- | n-us--- |
| -- | e-ru--- |
| -- | a-cc--- |
| 082 04 - DEWEY DECIMAL CLASSIFICATION NUMBER | |
| Classification number | 327.58 |
| Edition number | 22 |
| Item number | COO |
| 100 1# - MAIN ENTRY--PERSONAL NAME | |
| Personal name | Cooley, Alexander, |
| Dates associated with a name | 1972- |
| 9 (RLIN) | 12086 |
| 245 10 - TITLE STATEMENT | |
| Title | Great games, local rules : |
| Remainder of title | the new great power contest in Central Asia / |
| Statement of responsibility, etc | Alexander Cooley. |
| 260 ## - PUBLICATION, DISTRIBUTION, ETC. (IMPRINT) | |
| Place of publication, distribution, etc | Oxford, United Kingdom : |
| Name of publisher, distributor, etc | Oxford University Press, |
| Date of publication, distribution, etc | c.2012. |
| 300 ## - PHYSICAL DESCRIPTION | |
| Extent | xiv, 252 p. : |
| Other physical details | chart, maps, tables; |
| Dimensions | 25 cm. |
| 500 ## - GENERAL NOTE | |
| General note | Index : p. 243-252. |
| 504 ## - BIBLIOGRAPHY, ETC. NOTE | |
| Bibliography, etc | Bibliography : p. 231-241. |
| 650 #0 - SUBJECT ADDED ENTRY--TOPICAL TERM | |
| Topical term or geographic name as entry element | Geopolitics |
| Geographic subdivision | Asia, Central |
| 9 (RLIN) | 34941 |
| 651 #0 - SUBJECT ADDED ENTRY--GEOGRAPHIC NAME | |
| Geographic name | Asia, Central |
| General subdivision | Foreign relations |
| Chronological subdivision | 1991- |
| 9 (RLIN) | 34942 |
| 651 #0 - SUBJECT ADDED ENTRY--GEOGRAPHIC NAME | |
| Geographic name | Asia, Central |
| General subdivision | Strategic aspects |
| 9 (RLIN) | 34943 |
| 651 #0 - SUBJECT ADDED ENTRY--GEOGRAPHIC NAME | |
| Geographic name | Asia, Central |
| General subdivision | Foreign relations |
| Geographic subdivision | United States |
| 9 (RLIN) | 34944 |
| 651 #0 - SUBJECT ADDED ENTRY--GEOGRAPHIC NAME | |
| Geographic name | Asia, Central |
| General subdivision | Foreign relations |
| Geographic subdivision | Russia (Federation) |
| 9 (RLIN) | 34946 |
| 651 #0 - SUBJECT ADDED ENTRY--GEOGRAPHIC NAME | |
| Geographic name | Asia, Central |
| General subdivision | Foreign relations |
| Geographic subdivision | China |
| 9 (RLIN) | 34947 |
| 653 ## - INDEX TERM--UNCONTROLLED | |
| Resource For college | |
| Arrived date list | January2014 |
| 655 ## - INDEX TERM--GENRE/FORM | |
| Form subdivision | |
| -- | 34232 |
| 942 ## - ADDED ENTRY ELEMENTS (KOHA) | |
| Source of classification or shelving scheme | Dewey Decimal Classification |
| Call number prefix | 327.58 COO |
| Withdrawn status | Item status | Source of classification or shelving scheme | Damaged status | Not for loan | Vendor | Home library | Current library | Shelving location | Date acquired | Source of acquisition | Total Checkouts | Total Renewals | Full call number | Barcode | Date last seen | Date last borrowed | Koha item type |
|---|---|---|---|---|---|---|---|---|---|---|---|---|---|---|---|---|---|
| Dewey Decimal Classification | AUC | Central Library | Central Library | First floor | 27/01/2014 | 2 | 15 | 327.58 COO | 000035515 | 15/07/2025 | 17/10/2022 | Book - Borrowing |